انا أسمع / (رقم التسجيلة. 103862)
[ عرض عادي ]
| 000 -LEADER | |
|---|---|
| fixed length control field | 00589nam a22002057a 4500 |
| 005 - DATE AND TIME OF LATEST TRANSACTION | |
| control field | 20251108173433.0 |
| 008 - FIXED-LENGTH DATA ELEMENTS--GENERAL INFORMATION | |
| fixed length control field | 250721s2005 xx 000 0 ara d |
| 020 ## - INTERNATIONAL STANDARD BOOK NUMBER | |
| International Standard Book Number | 9953458979 |
| 082 14 - DEWEY DECIMAL CLASSIFICATION NUMBER | |
| Classification number | ط/372.3/دية |
| 100 1# - MAIN ENTRY--PERSONAL NAME | |
| Personal name | دية، هنادي |
| 245 10 - TITLE STATEMENT | |
| Title | انا أسمع / |
| 264 1# - PRODUCTION, PUBLICATION, DISTRIBUTION, MANUFACTURE, AND COPYRIGHT NOTICE | |
| Place of production, publication, distribution, manufacture | بيروت : |
| Name of producer, publisher, distributor, manufacturer | أصالة للنشر و التوزيع، |
| Date of production, publication, distribution, manufacture, or copyright notice | 2005. |
| 490 0# - SERIES STATEMENT | |
| Series statement | صديقي شوشو |
| 650 17 - SUBJECT ADDED ENTRY--TOPICAL TERM | |
| Topical term or geographic name as entry element | العلوم |
| 650 17 - SUBJECT ADDED ENTRY--TOPICAL TERM | |
| Topical term or geographic name as entry element | السمع |
| 650 17 - SUBJECT ADDED ENTRY--TOPICAL TERM | |
| Topical term or geographic name as entry element | التعليم الابتدائي |
| 653 ## - INDEX TERM--UNCONTROLLED | |
| Uncontrolled term | مرحلة متوسطة (6-9سنة) |
| 942 ## - ADDED ENTRY ELEMENTS (KOHA) | |
| Source of classification or shelving scheme | Dewey Decimal Classification |
| Koha item type | كتب |
| حالة السحب | حالة الفقدان | مصدر التصنيف | حالة التلف | غير قابل للإعارة | المكتبة الرئيسية | المكتبة الحالية | موقع الرف | تاريخ التزويد | الرقم المتسلسل | Total Checkouts | رقم الإستدعاء | الباركود | تاريخ آخر ظهور | تاريخ الفاتورة | نوع المادة (كوها) |
|---|---|---|---|---|---|---|---|---|---|---|---|---|---|---|---|
| Dewey Decimal Classification | مكتبة البراءة للأطفال | مكتبة البراءة للأطفال | الأطفال | 28/07/2025 | 1071783 | ط/372.3/دية | 1071783 | 28/07/2025 | 28/07/2025 | كتب | |||||
| Dewey Decimal Classification | مكتبة البراعم الواعدة | مكتبة البراعم الواعدة | الأطفال | 28/07/2025 | 1071788 | ط/372.3/دية | 1071788 | 28/07/2025 | 28/07/2025 | كتب | |||||
| Dewey Decimal Classification | مكتبة النصر العامة | مكتبة النصر العامة | الأطفال | 28/07/2025 | 1071782 | ط/372.3/دية | 1071782 | 28/07/2025 | 28/07/2025 | كتب | |||||
| Dewey Decimal Classification | مكتبة وادي السير العامة | مكتبة وادي السير العامة | الأطفال | 28/07/2025 | 1071781 | ط/372.3/دية | 1071781 | 28/07/2025 | 28/07/2025 | كتب | |||||
| Dewey Decimal Classification | مكتبةمؤتة | مكتبةمؤتة | الأطفال | 28/07/2025 | 1071789 | ط/372.3/دية | 1071789 | 28/07/2025 | 28/07/2025 | كتب |